De capitán de mares a piloto de si mismo : (Registro nro. 6803)
[ vista simple ]
| 000 -LEADER | |
|---|---|
| fixed length control field | 01266nam a22002417a 4500 |
| 003 - CONTROL NUMBER IDENTIFIER | |
| control field | OSt |
| 005 - DATE AND TIME OF LATEST TRANSACTION | |
| control field | 20200828152414.0 |
| 008 - FIXED-LENGTH DATA ELEMENTS--GENERAL INFORMATION | |
| fixed length control field | 200828s1995 ck o||gr|||| 00| 0bspa d |
| 020 ## - INTERNATIONAL STANDARD BOOK NUMBER | |
| International Standard Book Number | 9589075487 |
| 040 ## - CATALOGING SOURCE | |
| Original cataloging agency | CO-JMCR |
| Transcribing agency | CO-JMCR |
| 082 04 - DEWEY DECIMAL CLASSIFICATION NUMBER | |
| Classification number | 928.6 / |
| Item number | E746c |
| Edition number | 23 |
| 100 1# - MAIN ENTRY--PERSONAL NAME | |
| Personal name | Escobar Mesa, Augusto, |
| Relator term | autor |
| 9 (RLIN) | 9465 |
| 245 13 - TITLE STATEMENT | |
| Title | De capitán de mares a piloto de si mismo : |
| Remainder of title | Vida y obra de Arturo Echeverri Mejia / |
| Statement of responsibility, etc. | Arturo Escobar Mesa |
| 260 ## - PUBLICATION, DISTRIBUTION, ETC. | |
| Place of publication, distribution, etc. | Medellín : |
| Name of publisher, distributor, etc. | Fondo editorial Biblioteca Pública Piloto, |
| Date of publication, distribution, etc. | 1995. |
| 300 ## - PHYSICAL DESCRIPTION | |
| Extent | 305 páginas : |
| Other physical details | ilustraciones, fotografías a blanco y negro ; |
| Dimensions | 21 cm. |
| 490 ## - SERIES STATEMENT | |
| Series statement | Fondo editorial ; |
| Volume/sequential designation | 72 |
| 500 ## - GENERAL NOTE | |
| General note | Incluye notas a pie de páginas. |
| 520 0# - SUMMARY, ETC. | |
| Summary, etc. | Este estudio sobre la vida y la obra de Arturo Echaverri Mejia (1918-1964) Obtuvo el primer premio del primer concurso nacional de ensayo promovido por Colcultura en 1992, cuyos jurados fueron el expresidente Belisario Betancur, el escritor Rafael Humberto Moreno Durán y el ensayista Hernando Valencia Villa. |
| 586 ## - AWARDS NOTE | |
| Awards note | Premio Nacional de Ensayo Instituto Colombiano de Cultura 1992. |
| 650 24 - SUBJECT ADDED ENTRY--TOPICAL TERM | |
| Topical term or geographic name entry element | Echeverri Mejía, Arturo, |
| Form subdivision | Biografía |
| Chronological subdivision | 1918-1964 |
| 9 (RLIN) | 9466 |
| 650 24 - SUBJECT ADDED ENTRY--TOPICAL TERM | |
| Topical term or geographic name entry element | Echeverri Mejía, Arturo, |
| Chronological subdivision | Crítica literaria |
| Form subdivision | 1918-1964 |
| 9 (RLIN) | 9467 |
| 942 ## - ADDED ENTRY ELEMENTS (KOHA) | |
| Source of classification or shelving scheme | Dewey Decimal Classification |
| Koha item type | Books |
| Withdrawn status | Lost status | Source of classification or shelving scheme | Damaged status | Not for loan | Home library | Current library | Shelving location | Date acquired | Coded location qualifier | Total Checkouts | Full call number | Barcode | Date last seen | Copy number | Price effective from | Koha item type |
|---|---|---|---|---|---|---|---|---|---|---|---|---|---|---|---|---|
| Dewey Decimal Classification | Biblioteca Pública José María del Castillo y Rada | Biblioteca Pública José María del Castillo y Rada | General Stacks | 04/15/2018 | $0. | 928.6 / E746c | 201809992 | 08/28/2020 | Ej.1 | 04/15/2018 | Books |